Trombinoscope - Rap francophone - Statistiques

Statistiques générales
  • Ce quiz a été pris 347 fois
  • Le résultat moyen est 49 sur 100
Statistiques - réponses
Hint Réponse % Correct
Oli
86%
Vald
84%
Kaaris
84%
SCH
84%
Orelsan
84%
Soprano
84%
Jul
84%
Gims
83%
Bigflo
82%
Booba
81%
Damso
81%
Black M
80%
PLK
79%
Koba LaD
78%
Joeystarr
78%
Nekfeu
78%
La Fouine
78%
Niska
77%
Diam's
77%
Ninho
75%
Rim'K
74%
Shay
73%
SDM
73%
Maes
73%
Gazo
71%
Seth Gueko
71%
Fianso
71%
Kalash Criminel
70%
Hamza
69%
Youssoupha
67%
Lacrim
65%
Tiakola
64%
Guizmo
61%
Freeze Corleone
61%
Sadek
61%
Alonzo
61%
MHD
61%
Werenoi
59%
Ademo
59%
Népal
58%
Alpha Wann
57%
Kery James
56%
Laylow
56%
Luv Resval
56%
Gringe
54%
MC Solaar
54%
Dinos
54%
Mister You
53%
Doc Gynéco
52%
Médine
51%
N.O.S
51%
Disiz
50%
Oxmo Puccino
49%
Meryl
48%
Rohff
48%
Caballero
47%
Luidji
47%
Akhenaton
46%
Chilla
44%
Niro
43%
BEN plg
41%
Keblack
41%
B. B. Jacques
41%
Jazzy Bazz
40%
Jean-Jass
39%
Guy2Bezbar
38%
Kool Shen
36%
Josman
36%
Bekar
34%
Lefa
34%
Benjamin Epps
34%
Tunisiano
32%
Nessbeal
30%
Sinik
28%
Le Juiice
26%
Keny Arkana
26%
Limsa d'Aulnay
25%
Ateyaba
25%
Lino
23%
Mokobe
23%
Dimeh
22%
Isha
22%
Stomy Bugsy
21%
Sefyu
20%
Despo Rutti
19%
Shurik'N
19%
Mairo
19%
Tuerie
16%
Scylla
13%
Demi Portion
13%
Zinée
13%
AP
13%
King Ju
13%
Infinit'
13%
Makala
12%
Casey
11%
Swing
11%
Fuzati
10%
Loud
8%
Salif
8%
Aucun quiz correspondant
Distribution des résultats
% des personnes avec chaque résultat
Percentile par nombre de réponses
Votre historique - résultats
Vous n’avez pas pris ce quiz